The momentum for change : Lewis T. Preston at the World Bank, 1991-95 : addresses and statements. (Record no. 51569)

MARC details
000 -LEADER
fixed length control field 00838nam a2200205 a 4500
001 - CONTROL NUMBER
control field 1155012
008 - FIXED-LENGTH DATA ELEMENTS--GENERAL INFORMATION
fixed length control field 150907s1995 ||||||||||||||||| || u
010 ## - LIBRARY OF CONGRESS CONTROL NUMBER
LC control number 95201315
020 ## - INTERNATIONAL STANDARD BOOK NUMBER
International Standard Book Number 0821333348
050 ## - LIBRARY OF CONGRESS CALL NUMBER
Classification number IBRD(06)AS/1995/1
100 ## - MAIN ENTRY--PERSONAL NAME
Personal name Preston, Lewis T
245 14 - TITLE STATEMENT
Title The momentum for change : Lewis T. Preston at the World Bank, 1991-95 : addresses and statements.
260 ## - PUBLICATION, DISTRIBUTION, ETC.
Place of publication, distribution, etc. Washington, D.C.
Name of publisher, distributor, etc. World Bank
Date of publication, distribution, etc. 1995
300 ## - PHYSICAL DESCRIPTION
Extent x, 105 p. ; 23 cm.
490 ## - SERIES STATEMENT
Series statement Addresses and statements
500 ## - GENERAL NOTE
General note Published to honor the former president of the World Bank after his death in May 1995.
650 ## - SUBJECT ADDED ENTRY--TOPICAL TERM
Topical term or geographic name entry element WORLD BANK--PRESIDENTS--ADDRESSES, ESSAYS, LECTURES
710 ## - ADDED ENTRY--CORPORATE NAME
Corporate name or jurisdiction name as entry element World Bank
995 ## - RECOMMENDATION 995 [LOCAL, UNIMARC FRANCE]
-- CBU-MAIN LIBRARY (Kitwe)
-- 1
-- AVAILABLE
-- Sep 7, 2015
-- International Publications
Holdings
Withdrawn status Lost status Source of classification or shelving scheme Damaged status Not for loan Home library Current library Shelving location Date acquired Total Checkouts Full call number Barcode Date last seen Price effective from Koha item type
          CBU-MAIN LIBRARY, KITWE. CBU-MAIN LIBRARY, KITWE.   11/30/2022   IBRD(06)AS/1995/1 025043 11/30/2022 11/30/2022 MONOGRAPH